000 01105nam a2200277 a 4500
001 BRCA_8325
005 20190320210228.0
008 300614s1914----gw-a###f##---#000-0#ger-#
041 _ager
044 _agw
050 4 _aNA1115
_b.W5 1914
100 1 _aWillich, Hans
_920797
245 1 0 _aDie baunkust der Renaissance in Italien
_bbis zum Tode Michelangelos
_cvon Hans Willich ; in verbindung mit Paul Zucker ; begründet von Fritz Burger ; herausgegeben von A. E. Brinckmann.
260 _aAlemania
_bAkademische Verlagsgesellschaft Athenaion
_c1914
300 _a2 v.
_bil., 19 láminas
_c29 cm.
440 0 _aHandbuch der Kunstwissenschaft
_920798
500 _aDos ejemplares consecutivos inventariados por el Banco de México como un solo libro
500 _aR34
505 0 _av.1 Die baunkust der Renaissance in Italien I.-- v.2 Die baunkust der Renaissance in Italien II
650 1 4 _aRenacimiento italiano
_xArquitectura
_920799
700 1 _aZucker, Paul
_ecolab.
_920800
700 1 _aBurger, Fritz
_920801
700 1 _aBrinckmann, A. E.
_eed.
_920802
902 _aGFM
942 _2lcc
_cB
999 _c7993
_d7993